000 01992nam a2200517 i 4500
001 38377
003 KOSZ 005
005 20200722090350.0
008 200714s1999 pl a f 000 0 pol
015 _aUWD 2000/10577
020 _a8371930542
020 _a8371930569
035 _a991014012589705066
035 _a(PL-WaBN)b13767549-48omnis_nlop
035 _ab13767549
035 _a(OCoLC)830268417
035 _a(PL)b0000001376754
035 _a(EXLNZ-48OMNIS_NETWORK)9910077469505606
040 _aWA N
_cWA N
_dKOSZ 005/RW
046 _k1999
080 _a531
080 _a(075.8)
100 1 _aSkalmierski, Bogdan
_d(1930-2012)
_eAutor
245 1 0 _aMechanika.
_n[T.] 2,
_pPodstawy mechaniki ośrodków ciągłych /
_cBogdan Skalmierski ; [recenzenci : prof. dr hab. inż. Bohdan Mochnacki, prof. dr hab. inż. Andrzej Tylikowski] ; Politechnika Częstochowska.
260 _aCzęstochowa :
_bWydawnictwo Politechniki Częstochowskiej,
_c1999.
300 _a309 stron :
_bilustracje ;
_c24 cm.
336 _aTekst
_btxt
_2rdacontent
337 _aBez urządzenia pośredniczącego
_bn
_2rdamedia
338 _aWolumin
_bnc
_2rdacarrier
380 _aKsiążki
380 _aPublikacje dydaktyczne
388 1 _a1901-2000
388 1 _a1989-2000
504 _aBibliografia na stronach [308]-309.
536 _aWydanie publikacji dofinansowane przez Ministerstwo Edukacji Narodowej.
650 7 _aMechanika ośrodków ciągłych
_2DBN
655 7 _aPodręczniki akademickie
_2DBN
658 _aInżynieria i technika
700 1 _aMochnacki, Bohdan
_d(1942- )
_eRecenzja
700 1 _aTylikowski, Andrzej
_eRecenzja
710 2 _aPolitechnika Częstochowska
710 2 _aWydawnictwo Politechniki Częstochowskiej
_4pbl
856 _uhttp://koha.tu.koszalin.pl/cgi-bin/koha/opac-detail.pl?biblionumber=38377
_yKatalog online BPK
942 _2UKD
_cKS
999 _c38377
_d38377